Journal of Law and Education

Detalles Bibliográficos
Formato: Desconocido
Lenguaje:inglés
Publicado: Washington, D.C. : Jefferson Law Book Company
Materias:
Acceso en línea:Acceso restringido

MARC

LEADER 00000ny a22000003n 4500
005 20110513094919.0
008 100322c19uu9999us qr p 0 a0eng d
022 |a 0275-6072 
035 |a 4158 
040 |d vLex 
090 |c 1821  |d 1821 
245 0 0 |a Journal of Law and Education  |h [Recurso electrn̤ico] 
256 |a Servicio en ln̕ea 
260 |a Washington, D.C. :  |b Jefferson Law Book Company 
310 |a Cuatrimestral 
506 1 |a Contenido solo disponible en los productos indicados  |d vLex Global  |d vLex Global (Academic Edition, excluding Law Schools)  |d vLex Global (U.S. Academic Edition, excluding Law Schools) 
650 0 4 |a Derecho  |z Estados Unidos  |x Publicaciones perid̤icas 
650 0 4 |a Universidades  |x Publicaciones perid̤icas 
650 0 4 |a Education  
740 0 |a vLex Revista (Servicios en ln̕ea) 
843 |a Electrn̤ica. Abierta 
853 |8 1  |i (year)  |j (month)  |k (day) 
856 4 0 |u http://vlex.com/source/4158  |z Acceso restringido 
942 |c REV